UBT Library

The world economy after the Uruguay Round / (Record no. 307)

000 -LEADER
fixed length control field 01220nam a2200277 a 4500
005 - DATE AND TIME OF LATEST TRANSACTION
control field 20131119104539.0
008 - FIXED-LENGTH DATA ELEMENTS--GENERAL INFORMATION
fixed length control field 950912s1995 au a b 100 0 eng d
020 ## - INTERNATIONAL STANDARD BOOK NUMBER
International Standard Book Number 3854283180
041 0# - LANGUAGE CODE
Language code of text/sound track or separate title eng
080 ## - UNIVERSAL DECIMAL CLASSIFICATION NUMBER
Universal Decimal Classification number 339.9
Common auxiliary subdivision (899)
-- (042.5)
245 04 - TITLE STATEMENT
Title The world economy after the Uruguay Round /
Statement of responsibility, etc edited by Fritz Breuss.
260 ## -
-- Wien :
-- Service Fachverlag,
-- [1995]
300 ## -
-- xvii, 415 f. :
-- me il. ;
-- 25 cm.
440 #0 -
-- Schriftenreihe des Forschungsinstituts für Europafragen ;
-- Bd. 12
500 ## -
-- Preface : f. V-VI
500 ## -
-- "Papers presented at the GATT Symposium 'The World Economy after the Uruguay Round' held at the University of Economics and Business Administration of Vienna on November 3-4, 1994"--P. v.
504 ## - BIBLIOGRAPHY, ETC. NOTE
Bibliography, etc Includes bibliographical references.
610 20 -
-- Organizata tregtare botërore
-- Kongreset
610 20 -
-- Marrëveshja e Përgjithshme mbi Tarifat dhe Tregtinë (Organizata)
-- Kongreset
611 20 -
-- Uruguay Round
-- (1987-1994)
-- Kongreset
650 #0 -
-- Tregëtia ndërkombëtare
-- Kongreset
650 #0 -
-- Marrëdhëniet ekonomike ndërkombëtare
-- Kongreset
650 #0 -
-- Historia ekonomike
-- 1945-
-- Kongreset
700 1# -
-- Breuss, Fritz
-- 1944-
942 ## - ADDED ENTRY ELEMENTS (KOHA)
Source of classification or shelving scheme
Item type Books
Holdings
Withdrawn status Lost status Source of classification or shelving scheme Damaged status Not for loan Collection code Permanent location Current location Shelving location Date acquired Total Checkouts Full call number Barcode Date last seen Koha item type
          Koleksioni i përgjithshem UBT - Prishtine UBT - Prishtine Koleksioni i përgjithshem 11/14/2013   339.9 (899)(042.5) WOR 001-000388 11/14/2013 Books
          Koleksioni i përgjithshem UBT - Prishtine UBT - Prishtine Koleksioni i përgjithshem 11/14/2013   339.9 (899)(042.5) WOR 001-000387 11/14/2013 Books
          Koleksioni i përgjithshem UBT - Prishtine UBT - Prishtine Koleksioni i përgjithshem 11/14/2013   339.9 (899)(042.5) WOR 001-000390 11/14/2013 Books
          Koleksioni i përgjithshem UBT - Prishtine UBT - Prishtine Koleksioni i përgjithshem 11/14/2013   339.9 (899)(042.5) WOR 001-000389 11/14/2013 Books
UBT Library © 2015-2024. All rights reserved University Education for Business and Technology